000 00460nab a22001457 4500
003 ES-SlBCS
005 20210327224217.0
008 180228s2018 sp ||||| |||| 00| 0 spa d
040 _aES-SlBCS
_bspa
041 _aspa
100 1 _aWilfred, FéLIX
_910288
245 1 0 _aCristianismos y teologías asiáticas a través de la lente del poscolonialismo
_cFelix Wilfred
773 0 _gNúm. 374, 2018, págs. 15-28
_tConcilium
_wRev134
_x0210-1041
942 _2lcc
_cAR
999 _c475444
_d475444